Statistics for 2019–2020 NBA Statistical Leaders

Click here to take the quiz!

General Stats

  • This quiz has been taken 10,165 times
  • The average score is 23 of 50

Answer Stats

Player% Correct
LeBron James
98%
James Harden
94%
Russell Westbrook
89%
G. Antetokounmpo
87%
Anthony Davis
83%
Luka Dončić
82%
Kawhi Leonard
79%
Nikola Jokić
76%
Damian Lillard
75%
Ben Simmons
70%
Rudy Gobert
68%
Jimmy Butler
65%
Bradley Beal
62%
Jayson Tatum
62%
Trae Young
62%
Devin Booker
61%
Andre Drummond
60%
Dejounte Murray
50%
Kyle Lowry
50%
Tristan Thompson
47%
Ja Morant
45%
Bam Adebayo
44%
Kristaps Porzingis
44%
CJ McCollum
43%
Clint Capela
39%
Domantas Sabonis
38%
Duncan Robinson
38%
Mitchell Robinson
38%
DeAndre Jordan
37%
Brook Lopez
36%
Myles Turner
36%
Nikola Vučević
36%
Buddy Hield
35%
Hassan Whiteside
35%
Lonzo Ball
34%
Marcus Smart
29%
Jaren Jackson
28%
Jarrett Allen
28%
LaMarcus Aldridge
27%
Fred VanVleet
25%
John Collins
20%
Jonas Valanciunas
20%
Ricky Rubio
19%
Bojan Bogdanović
17%
Montrezl Harrell
16%
Robert Covington
12%
Devonte' Graham
11%
Tim Hardaway
10%
Davis Bertans
9%
Kris Dunn
8%

Score Distribution

Percentile by Number Answered

Percent of People with Each Score

Your Score History

You have not taken this quiz